000
00256nam a2200097Ia 4500
001
726455
005
20250826163429.0
008
250824s9999 xx 000 0 und d
245
0
_a
IŞIK AVCISI PARSIN GÖZÜ
_c
ALİ ŞAÇIKARA
260
_b
ATLIKARINCA YAYINLARI
999
_c
726455
_d
726455